Представление документа в формате RUSMARC

ПолеНазваниеЗначение
  Тип записи a
  Библиографический уровень m
001 Контрольный номер RU/SLIB/B/208719263
005 Дата корректировки 20201206203938.8
010 Индекс ISBN __
d Цена 0-99
101 Язык документа __
a Язык текста rus
200 Заглавие и сведения об ответственности 1_
a Заглавие Сережа
e Сведения, относящиеся к заглавию несколько историй из жизни очень маленького мальчика : для говорящих на англ. яз.
f Первые сведения об ответственности В. Ф. Панова
b Общее обозначение материала Текст
210 Выходные данные __
a Место издания М.
c Издательство Рус. яз.
d Дата издания 1974
215 Физическое описание __
a Объем 195 с.
606 Тематические рубрики __
a Основная рубрика Художественная литература
606 Тематические рубрики __
a Основная рубрика Русская литература XX в. (произведения)
606 Тематические рубрики __
a Основная рубрика Языкознание
606 Тематические рубрики __
a Основная рубрика Германские языки
606 Тематические рубрики __
y Географическая подрубрика СССР; Россия
610 Ключевые слова __
a Ключевые слова проза; повести
686 Индексы других классификаций __
a Классификационный индекс 84(2Рос=Рус)6-4
686 Индексы других классификаций __
a Классификационный индекс 81.2Англ-93; ст84(2Рос=Рус)6-4+ст81.2Англ
700 Автор _1
a Фамилия Панова
b Имя В. Ф.
4 Код отношения 070
801 Источник записи _0
a Страна RU
b Организация Муниципальное бюджетное учреждение культуры "Централизованная библиотечная система" г. Сургут (Центральная городская библиотека им. А. С. Пушкина)
g Правила каталогизации К/Исакова
801 Источник записи _1
a Страна RU
b Организация Муниципальное бюджетное учреждение культуры "Централизованная библиотечная система" г. Сургут (Центральная городская библиотека им. А. С. Пушкина)
g Правила каталогизации К/Исакова
852 Данные о местонахождении __
j Шифр хранения 84(2Рос=Рус)6-4
c Каталожный индекс 84(2Рос=Рус)6-4; 81.2Англ-93
i Авторский знак П 16
p Инвентарный номер 23044(с)
901 Тип документа __
t Тип документа m
990 Данные о заказе (DOS) __
j Количество экземпляров (DOS) 1